| 000 | 00695nam a22002057a 4500 | ||
|---|---|---|---|
| 005 | 20241203155334.0 | ||
| 010 | _aENG-142798 | ||
| 020 |
_a9789355328892 _c1025.00 |
||
| 035 | _aEN-126330 | ||
| 037 | _bDBAD | ||
| 082 |
_a358.4038011 _29 |
||
| 100 |
_aBaltzan, Paige _974604 |
||
| 245 |
_aBusiness Driven Information Systems: _bAn MIS Approach/ _cby Paige Baltzan [and] Ramesh Behl |
||
| 250 | _a9 | ||
| 260 |
_aChennai _bMcGraw Hill Education Private Ltd _c2024 |
||
| 270 |
_aAnjana Complex No. 5/90 A, Butt Road, St Thomas Mount _bChennai _e600016 |
||
| 300 |
_avpp. _c28cm(pb) _bIndex |
||
| 700 |
_aBehl, Ramesh _eAuthor _974605 |
||
| 942 |
_2ddc _cEN _mGHA _h358.4038011 _e9 |
||
| 999 |
_c207374 _d207374 |
||